000 01262nam a2200241Ia 4500
003 Ost
005 20260416102358.0
008 260416s9999||||xx |||||||||||||| ||und||
040 _cfsecg
041 _aara
082 _a658
100 _aروتال،أسماء
_eمؤلف
245 0 _a تسيير المؤسسة :
_bموجهة لطلبة السنة الثانية ليسانس جذع مشترك في العلوم الاقتصادية و التجارية و علوم التسيير /
_cأسماء روتال
260 _aالجزائر
_bجامعة الجزائر3: كلية العلوم الإقتصادية، العلوم التجارية وعلوم التسيير
_c2021
300 _a106 ورقة
_bايضاحات
_c30 سم
504 _aمراجع ص.102
520 _aمقدمة حول تسيير المؤسسة،أنواع المؤسسات ،تكوين و تطور المؤسسة ،وظائف المؤسسة، نظرية اتخاذ القرار
653 _aاتخاذ القرارات
653 _aالادارة
653 _aتسيير المؤسسة
710 _aجامعة الجزائر3: كلية العلوم الإقتصادية، العلوم التجارية وعلوم التسيير
_eناشر علمي
942 _cHANDOUT
999 _c41321
_d41321